Books in the Americas: (Record no. 51453)

MARC details
000 -LEADER
fixed length control field 01056cam a22002891 4500
001 - CONTROL NUMBER
control field pa 61000013
003 - CONTROL NUMBER IDENTIFIER
control field DLC
005 - DATE AND TIME OF LATEST TRANSACTION
control field 20260227111855.0
008 - FIXED-LENGTH DATA ELEMENTS--GENERAL INFORMATION
fixed length control field 750711s1960 xx 000 0 eng
010 ## - LIBRARY OF CONGRESS CONTROL NUMBER
LC control number pa 61000013
035 ## - SYSTEM CONTROL NUMBER
System control number (OCoLC)1444729
040 ## - CATALOGING SOURCE
Original cataloging agency DLC
Transcribing agency FU
Modifying agency OCoLC
-- DLC
042 ## - AUTHENTICATION CODE
Authentication code premarc
043 ## - GEOGRAPHIC AREA CODE
Geographic area code n------
-- s------
-- cl-----
050 00 - LIBRARY OF CONGRESS CALL NUMBER
Classification number Z517
Item number .J4
082 ## - DEWEY DECIMAL CLASSIFICATION NUMBER
Classification number 655.48
100 1# - MAIN ENTRY--PERSONAL NAME
Personal name Jennison, Peter S.
245 10 - TITLE STATEMENT
Title Books in the Americas:
Remainder of title a study of the principal barriers to the booktrade in the Americas.
Statement of responsibility, etc. Prepared for the American Book Publishers Council by Peter S. Jennison and William H. Kurth.
260 ## - PUBLICATION, DISTRIBUTION, ETC.
Place of publication, distribution, etc. Washington,
Name of publisher, distributor, etc. Pan American Union,
Date of publication, distribution, etc. 1960.
300 ## - PHYSICAL DESCRIPTION
Extent xii, 165 p.
Dimensions 28cm.
490 1# - SERIES STATEMENT
Series statement Estudios bibliotecarios,
Volume/sequential designation no. 2
504 ## - BIBLIOGRAPHY, ETC. NOTE
Bibliography, etc. note Bibliography: p. 159-163.
650 #0 - SUBJECT ADDED ENTRY--TOPICAL TERM
Topical term or geographic name entry element Book industries and trade
Geographic subdivision Latin America.
700 1# - ADDED ENTRY--PERSONAL NAME
Personal name Kurth, William H.,
Dates associated with a name 1917-1977,
Relator term joint author.
710 2# - ADDED ENTRY--CORPORATE NAME
Corporate name or jurisdiction name as entry element American Book Publishers Council.
810 2# - SERIES ADDED ENTRY--CORPORATE NAME
Corporate name or jurisdiction name as entry element Columbus Memorial Library.
Title of a work Estudios bibliotecarios ;
Volume/sequential designation no. 2.

No items available.

Powered by Koha